Word Ladder: African Island Capital and Country Quiz Stats

Quiz Updated May 11, 2018

Challenge
Share
Tweet
Embed
Score 0/27 Timer 05:00
2 Plays Today
Clue 3-Letter Answer % Correct
The night before a holidayEVE
97.3%
• A common insect •• ANT •
97.2%
Not goodBAD
96.7%
• Automobile •• CAR •
96.6%
• Plural form of is •• ARE •
96.1%
Combine two numbersADD
95.9%
• Fuel for a vehicle •• GAS •
95.8%
Provide helpAID
95.4%
Yes to a pirateAYE
95.4%
Scrooge's exclamation - ___ Humbug!BAH
95.2%
• Angry •• MAD •
94.9%
• Ooh's and ___'s •• AAH •
94.9%
PossessesHAS
94.9%
• Raggedy ___• ANN •
94.6%
Clue 3-Letter Answer % Correct
Head topperHAT
94.5%
Poetic form of 'before'ERE
94%
NeedlefishGAR
92.6%
___-ocean ridgeMID
91.7%
• Rand who wrote 'Atlas Shrugged' •• AYN •
91.2%
One of three parts of the psycheEGO
88.6%
Top rating for a bondAAA
88.5%
• President Morales of Bolivia •• EVO •
87.8%
Fruit drinkADE
87.8%
At some point in the pastAGO
87.6%
Number of revolutions around the sunAGE
83.4%
One of two large, broad back musclesLAT
80.5%
When doubled, a yellow TeletubbyLAA
80.2%

Today's Daily Dose

You're not logged in!

Compare scores with friends on all Sporcle quizzes.
Join for Free
OR
Log In

You Might Also Like...

Show Comments

Extras

Top Quizzes Today


Score Distribution

Your Account Isn't Verified!

In order to create a playlist on Sporcle, you need to verify the email address you used during registration. Go to your Sporcle Settings to finish the process.

Report this User

Report this user for behavior that violates our Community Guidelines.

Details: